[Event "4NCL Division Three Bishops"]
[Site "Telford, ENG"]
[Date "2024.02.10"]
[Round "5.65"]
[White "Garnett, John S"]
[Black "Headlong, Fenella"]
[Result "1-0"]
[WhiteElo "1950"]
[BlackElo "1774"]
[PlyCount "63"]
[EventDate "2024.02.10"]
[WhiteTeam "Ashfield 1"]
[BlackTeam "Brown Jack"]

1. d4 d5 2. c4 e6 3. Nc3 Nf6 4. Bg5 Be7 5. cxd5 Nxd5 6. Bxe7 Qxe7 7. e4 Nxc3 8.
bxc3 c5 9. Nf3 O-O 10. Bd3 cxd4 11. cxd4 Qb4+ 12. Qd2 Nc6 13. Rd1 Qxd2+ 14.
Rxd2 Rd8 15. Bb5 Ne7 16. Ke2 a6 17. Bd3 Ng6 18. Ke3 b5 19. Rc1 f5 20. Rc7 f4+
21. Ke2 e5 22. Nxe5 Rxd4 23. Bc4+ Rxc4 24. Nxc4 Bg4+ 25. f3 bxc4 26. fxg4 Ne5
27. h3 Re8 28. Ra7 Nd3 29. Rxd3 Rxe4+ 30. Kf3 cxd3 31. Kxe4 d2 32. Rd7 1-0

[Event "4NCL Division Three Bishops"]
[Site "Telford, ENG"]
[Date "2024.02.10"]
[Round "5.66"]
[White "Pereslavtsev, Alexandr"]
[Black "Hardman, Daniel"]
[Result "1-0"]
[WhiteElo "1696"]
[BlackElo "1858"]
[PlyCount "101"]
[EventDate "2024.02.10"]
[WhiteTeam "Brown Jack"]
[BlackTeam "Ashfield 1"]

1. d4 e6 2. c4 f5 3. Nc3 Nf6 4. Bg5 Be7 5. Bxf6 Bxf6 6. e4 fxe4 7. Nxe4 O-O 8.
Nf3 b6 9. Bd3 Nc6 10. Bc2 d5 11. Nc3 dxc4 12. Be4 Bb7 13. Qa4 Na5 14. Bxb7 Nxb7
15. Qxc4 Kh8 16. O-O c5 17. dxc5 Nxc5 18. Rad1 Qe7 19. Rfe1 Rac8 20. Qb4 Rfd8
21. Nd5 Qf8 22. Nxf6 gxf6 23. Rxd8 Qxd8 24. Rc1 Nd3 25. Rxc8 Qxc8 26. Qd2 Qc1+
27. Qxc1 Nxc1 28. Nd4 e5 29. Nb5 a5 30. Nc3 Kg7 31. f3 Kf7 32. Kf1 Ke6 33. b3
Nd3 34. g3 f5 35. Ke2 Nc5 36. g4 f4 37. h4 h6 38. Kd2 Kd6 39. Ke2 Kc6 40. Na4
Nxa4 41. bxa4 Kd6 42. Kd3 Ke6 43. Ke4 Kf6 44. Kd5 h5 45. gxh5 Kf5 46. h6 e4 47.
h7 exf3 48. h8=Q Kg4 49. Qa1 Kxh4 50. Qf1 Kg3 51. Kc6 1-0

[Event "4NCL Division Three Bishops"]
[Site "Warwick, ENG"]
[Date "2024.03.09"]
[Round "7.11"]
[White "Okhai, Shabir"]
[Black "Longson, Alexander"]
[Result "1/2-1/2"]
[WhiteElo "2104"]
[BlackElo "2261"]
[PlyCount "51"]
[EventDate "2024.03.09"]
[WhiteTeam "The Rookies"]
[BlackTeam "Greater Woodpushers"]

1. e4 e5 2. Nf3 Nc6 3. Bc4 Nf6 4. d3 Bc5 5. c3 d6 6. O-O a5 7. Re1 Ba7 8. Bb3
O-O 9. Bg5 h6 10. Bh4 g5 11. Bg3 Nh7 12. Qc1 Kg7 13. Nbd2 Ne7 14. d4 g4 15. Nh4
exd4 16. e5 d5 17. Nf1 Be6 18. Bc2 Ng5 19. Bf4 Ng6 20. Nf5+ Bxf5 21. Bxf5 dxc3
22. bxc3 Nxf4 23. Qxf4 Ne6 24. Qxg4+ Qg5 25. Qf3 Qf4 26. Qxf4 $11 1/2-1/2

[Event "4NCL Division Three Bishops"]
[Site "Warwick, ENG"]
[Date "2024.03.09"]
[Round "7.12"]
[White "Geue, Niklas"]
[Black "Byron, Alan M"]
[Result "1/2-1/2"]
[WhiteElo "2145"]
[BlackElo "2118"]
[PlyCount "52"]
[EventDate "2024.03.09"]
[WhiteTeam "Greater Woodpushers"]
[BlackTeam "The Rookies"]

1. d4 Nf6 2. c4 g6 3. Nf3 Bg7 4. g3 d6 5. Bg2 O-O 6. O-O Nc6 7. Nc3 a6 8. b3
Rb8 9. d5 Na5 10. Bg5 c5 11. dxc6 bxc6 12. Qd2 Re8 13. Rad1 Bb7 14. e4 c5 15.
Rfe1 Ng4 16. Nd5 Nc6 17. h3 Nge5 18. Nh4 Nd4 19. f4 Nd7 20. f5 Bxd5 21. exd5
Ne5 22. fxg6 hxg6 23. Bh6 Bf6 24. Bg5 Bg7 25. Bh6 Bf6 26. Bg5 Kg7 $11 1/2-1/2

[Event "4NCL Division Three Bishops"]
[Site "Warwick, ENG"]
[Date "2024.03.09"]
[Round "7.13"]
[White "Compton, Alistair"]
[Black "Longson, Sarah N"]
[Result "0-1"]
[WhiteElo "2108"]
[BlackElo "2087"]
[PlyCount "70"]
[EventDate "2024.03.09"]
[WhiteTeam "The Rookies"]
[BlackTeam "Greater Woodpushers"]

1. e4 e5 2. Nc3 Nf6 3. Nf3 Nc6 4. d4 exd4 5. Nd5 Nb4 6. Bc4 Nbxd5 7. exd5 Bb4+
8. Kf1 O-O 9. Qxd4 h6 10. Bd3 Qe7 11. c4 d6 12. Qh4 Re8 13. Bxh6 gxh6 14. a3
Ne4 15. Qxe7 Rxe7 16. axb4 Bf5 17. Kg1 Rae8 18. h3 a6 19. Kh2 Bg6 20. Rhf1 Nd2
21. Nxd2 Bxd3 22. Rfd1 Re2 23. Nf3 Bxc4 24. Rdc1 Bxd5 25. Rxc7 Rxf2 26. Kg3
Ree2 27. Nh4 Rxb2 28. Rd1 Rfd2 29. Rxd2 Rxd2 30. Nf5 Rxg2+ 31. Kh4 Be6 32. Nxd6
Rh2 33. Kg3 Rxh3+ 34. Kf2 b5 35. Ne4 Rb3 0-1

[Event "4NCL Division Three Bishops"]
[Site "Warwick, ENG"]
[Date "2024.03.09"]
[Round "7.14"]
[White "Smith, Alan A"]
[Black "Burrows, Martin P"]
[Result "0-1"]
[WhiteElo "2174"]
[BlackElo "2132"]
[PlyCount "80"]
[EventDate "2024.03.09"]
[WhiteTeam "Greater Woodpushers"]
[BlackTeam "The Rookies"]

1. e4 c5 2. Nf3 d6 3. d4 cxd4 4. Nxd4 Nf6 5. Nc3 a6 6. f4 e5 7. Nf3 Qc7 8. Bd3
Be7 9. O-O O-O 10. Qe1 Nbd7 11. Kh1 b5 12. a4 b4 13. Nd1 a5 14. Ne3 Nc5 15.
fxe5 dxe5 16. Nc4 Bb7 17. Nfxe5 Nfxe4 18. Bf4 Nxd3 19. cxd3 Nd6 20. Rc1 Qd8 21.
Qf2 Ra6 22. Ne3 f6 23. Nf3 Qd7 24. b3 Re8 25. Rfd1 Kh8 26. Nd4 Raa8 27. Nc4
Nxc4 28. Rxc4 Rac8 29. Rxc8 Rxc8 30. Nb5 Bd5 31. Rb1 Bc5 32. d4 Bb6 33. Be3 Qe6
34. Re1 Qg4 35. Nd6 Rf8 36. Nc4 Bc7 37. Kg1 Re8 38. Bd2 Rxe1+ 39. Bxe1 Qe6 40.
Qd2 Bf4 0-1

[Event "4NCL Division Three Bishops"]
[Site "Warwick, ENG"]
[Date "2024.03.09"]
[Round "7.15"]
[White "Jaszkiwskyj, Peter"]
[Black "Rawlinson, Aidan M"]
[Result "1/2-1/2"]
[WhiteElo "1935"]
[BlackElo "2123"]
[PlyCount "68"]
[EventDate "2024.03.09"]
[WhiteTeam "The Rookies"]
[BlackTeam "Greater Woodpushers"]

1. d4 g6 2. c4 Bg7 3. Nf3 Nf6 4. g3 O-O 5. Bg2 d6 6. O-O Nc6 7. Nc3 e5 8. d5
Nb8 9. e4 a5 10. Ne1 Na6 11. Nd3 Nd7 12. Be3 f5 13. Qd2 b6 14. Bg5 Bf6 15. Bxf6
Qxf6 16. a3 Ndc5 17. Qc2 Nxd3 18. Qxd3 f4 19. f3 Nc5 20. Qc2 a4 21. Rae1 h5 22.
Kf2 Bd7 23. Rd1 Rf7 24. Ne2 g5 25. Ke1 Raf8 26. Qc3 fxg3 27. hxg3 h4 28. gxh4
g4 29. Qe3 Qxh4+ 30. Kd2 gxf3 31. Bxf3 Rg7 32. Rg1 Rff7 33. Rh1 Qg5 34. Rdg1
Qxe3+ $11 1/2-1/2

[Event "4NCL Division Three Bishops"]
[Site "Warwick, ENG"]
[Date "2024.03.09"]
[Round "7.16"]
[White "Zhu, Yaoyao"]
[Black "Gibson, Christopher A"]
[Result "1-0"]
[WhiteElo "2077"]
[BlackElo "1910"]
[PlyCount "99"]
[EventDate "2024.03.09"]
[WhiteTeam "Greater Woodpushers"]
[BlackTeam "The Rookies"]

1. e4 c5 2. Nf3 g6 3. d4 cxd4 4. Nxd4 Nc6 5. c4 Bg7 6. Be3 Nf6 7. Nc3 d6 8. h3
O-O 9. Be2 Bd7 10. O-O Nxd4 11. Bxd4 Bc6 12. Qc2 a5 13. Rad1 Nd7 14. Bxg7 Kxg7
15. Bg4 b6 16. Bxd7 Bxd7 17. a4 Rb8 18. b3 Qe8 19. Qd2 Bc6 20. Rfe1 Qc8 21. Re3
Re8 22. Rde1 Qb7 23. Rg3 Rbd8 24. h4 h5 25. Qg5 Kh7 26. Nd5 Bxd5 27. exd5 Rd7
28. Rge3 Qc7 29. g4 f6 30. Qf4 hxg4 31. Qxg4 Rg8 32. Rg3 Rg7 33. Kg2 Rd8 34. h5
g5 35. h6 Rf7 36. Qf5+ Kh8 37. Rxg5 Qc8 38. Qxc8 Rxc8 39. Rg7 Rg8 40. Rxg8+
Kxg8 41. Kf3 Rh7 42. Kg4 Kf7 43. Kh5 Rh8 44. Rg1 Rh7 45. Rg2 Kf8 46. Kg6 Kg8
47. Rh2 Kh8 48. Kf5 Kg8 49. Ke6 Kf8 50. Kd7 1-0

[Event "4NCL Division Three Bishops"]
[Site "Warwick, ENG"]
[Date "2024.03.09"]
[Round "7.21"]
[White "Airlie, Arran"]
[Black "Ogunshola, Ben"]
[Result "0-1"]
[WhiteElo "1824"]
[BlackElo "2027"]
[PlyCount "117"]
[EventDate "2024.03.09"]
[WhiteTeam "Sussex Martlets 3"]
[BlackTeam "Brown Jack"]

1. e4 d6 2. d4 g6 3. Nc3 Bg7 4. Be3 a6 5. Qd2 Nd7 6. h4 h5 7. Nh3 b5 8. Ng5 e6
9. Bd3 Bb7 10. O-O-O Qe7 11. f4 Ngf6 12. f5 e5 13. fxg6 fxg6 14. Rde1 c6 15. d5
c5 16. Ne6 Nf8 17. Nxf8 Rxf8 18. Bg5 Qd7 19. g3 Bc8 20. Nd1 Qc7 21. Kb1 c4 22.
Qc3 Bd7 23. Ne3 Rc8 24. Bxf6 Rxf6 25. Be2 Bh6 26. g4 b4 27. Qxc4 Bxe3 28. Qxc7
Rxc7 29. gxh5 Ke7 30. hxg6 Rxg6 31. Bxa6 Bf4 32. Reg1 Kf6 33. Rxg6+ Kxg6 34.
Rg1+ Kh7 35. Rf1 $11 Bg4 36. Bd3 Kh6 37. a3 bxa3 38. bxa3 Kh5 39. Ka2 Kxh4 40.
Rb1 Be3 41. Rb8 Rc8 42. Rb7 Bd4 43. Rh7+ Kg3 44. Rg7 Kf4 45. Rf7+ Ke3 46. Rh7
Rb8 47. a4 Rb4 48. Rh4 Bd7 49. Rh7 Rxa4+ 50. Kb3 Ra7 51. Rh6 Rb7+ 52. Ka2 Bc5
53. Bf1 Kd2 54. Rh2+ Kc3 55. Bd3 Bd4 56. Rg2 Bb5 57. Bxb5 Rxb5 58. Rg3+ Kxc2
59. Rg6 0-1

[Event "4NCL Division Three Bishops"]
[Site "Warwick, ENG"]
[Date "2024.03.09"]
[Round "7.22"]
[White "Rabbitt, Michael"]
[Black "Gray, Edward"]
[Result "0-1"]
[WhiteElo "1944"]
[BlackElo "1867"]
[PlyCount "52"]
[EventDate "2024.03.09"]
[WhiteTeam "Brown Jack"]
[BlackTeam "Sussex Martlets 3"]

1. e4 d6 2. d4 e5 3. Nf3 Nd7 4. c4 Ngf6 5. Nc3 c6 6. Be2 Be7 7. O-O Qc7 8. h3
h6 9. Be3 Nf8 10. Qd2 g5 11. Nh2 Ng6 12. Ng4 Nf4 13. Nxf6+ Bxf6 14. Bg4 Bxg4
15. hxg4 h5 16. dxe5 Bxe5 17. g3 Nh3+ 18. Kg2 hxg4 19. Bxg5 f6 20. Bh4 Rxh4 21.
gxh4 Nf4+ 22. Kg1 Qh7 23. Ne2 Nxe2+ 24. Qxe2 Qxh4 25. f4 Bd4+ 26. Kg2 Qh3# 0-1

[Event "4NCL Division Three Bishops"]
[Site "Warwick, ENG"]
[Date "2024.03.09"]
[Round "7.23"]
[White "Michaud, Gerald"]
[Black "Gordon, Sean"]
[Result "1/2-1/2"]
[WhiteElo "1856"]
[BlackElo "1941"]
[PlyCount "83"]
[EventDate "2024.03.09"]
[WhiteTeam "Sussex Martlets 3"]
[BlackTeam "Brown Jack"]

1. d4 d5 2. c4 c6 3. e3 Bf5 4. Nd2 e6 5. Ngf3 Nd7 6. b3 h6 7. Be2 Ngf6 8. O-O
Bd6 9. Bb2 Qe7 10. Ne5 O-O 11. f4 Ne4 12. c5 Bxe5 13. fxe5 f6 14. b4 fxe5 15.
dxe5 a5 16. a3 axb4 17. axb4 Qg5 18. Rf3 Nxd2 19. Qxd2 Be4 20. Rxa8 Rxa8 21.
Rg3 Qf5 22. Bg4 Qf7 23. Bd4 Rf8 24. Bf3 Qf5 25. Qb2 Bd3 26. h4 Rf7 27. Rg4 Nf8
28. Rf4 Qg6 29. Rxf7 Qxf7 30. Qa3 Ba6 31. Qa5 Ng6 32. Qd8+ Qf8 33. Qxf8+ Kxf8
34. g3 Ne7 35. e4 Bc4 36. Kf2 Kf7 37. h5 dxe4 38. Bxe4 Nd5 39. Bxd5 exd5 40.
Ke3 Ke6 41. Kf4 Be2 42. g4 1/2-1/2

[Event "4NCL Division Three Bishops"]
[Site "Warwick, ENG"]
[Date "2024.03.09"]
[Round "7.24"]
[White "Parker, Francis"]
[Black "Woods, Timothy J"]
[Result "0-1"]
[WhiteElo "1935"]
[BlackElo "1665"]
[PlyCount "73"]
[EventDate "2024.03.09"]
[WhiteTeam "Brown Jack"]
[BlackTeam "Sussex Martlets 3"]

1. e4 d6 2. f4 g6 3. Nf3 Bg7 4. d4 Nf6 5. e5 Nfd7 6. Bc4 c5 7. Bxf7+ Kxf7 8.
e6+ Kg8 9. exd7 Bxd7 10. O-O cxd4 11. Qe2 Nc6 12. Ng5 Qc8 13. Re1 d5 14. Qf3 e6
15. Qb3 Na5 16. Qd3 Qc4 17. Bd2 Qxd3 18. cxd3 Nc6 19. Nxe6 Bf6 20. Na3 a6 21.
g4 Bh4 22. Re2 Re8 23. f5 Nd8 24. Nxd4 Rxe2 25. Nxe2 gxf5 26. gxf5 Kf7 27. Rf1
Rg8+ 28. Kh1 Nc6 29. Nc2 Ne5 30. Nf4 Bb5 31. Ne1 Ng4 32. h3 Nf2+ 33. Kh2 Bg3+
34. Kg2 Bxf4+ 35. Kxf2 Bxd2 36. Nf3 Ba5 37. Re1 0-1

[Event "4NCL Division Three Bishops"]
[Site "Warwick, ENG"]
[Date "2024.03.09"]
[Round "7.25"]
[White "Wannasin Bell, Charlie"]
[Black "Pereslavtsev, Alexandr"]
[Result "0-1"]
[WhiteElo "1491"]
[BlackElo "1696"]
[PlyCount "62"]
[EventDate "2024.03.09"]
[WhiteTeam "Sussex Martlets 3"]
[BlackTeam "Brown Jack"]

1. b4 Nf6 2. Bb2 e6 3. b5 c6 4. a4 d5 5. Nf3 Bc5 6. d4 Bd6 7. e3 Nbd7 8. c4 O-O
9. c5 Bc7 10. Bd3 Re8 11. Nbd2 e5 12. dxe5 Nxe5 13. Qc2 Nxd3+ 14. Qxd3 Qe7 15.
O-O Bg4 16. Bxf6 Qxf6 17. Nd4 Qh6 18. f4 g5 19. h3 Bd7 20. bxc6 bxc6 21. fxg5
Qxg5 22. e4 Bf4 23. exd5 Bxd2 24. dxc6 Qe3+ 25. Qxe3 Bxe3+ 26. Kh1 Be6 27. Nb5
Rec8 28. Rab1 Rxc6 29. Rf3 Bxc5 30. Rg3+ Kf8 31. Rc3 Rcc8 0-1

[Event "4NCL Division Three Bishops"]
[Site "Warwick, ENG"]
[Date "2024.03.09"]
[Round "7.26"]
[White "Fernando, Manel"]
[Black "Horner, Dylan"]
[Result "1-0"]
[WhiteElo "1528"]
[BlackElo "1007"]
[PlyCount "53"]
[EventDate "2024.03.09"]
[WhiteTeam "Brown Jack"]
[BlackTeam "Sussex Martlets 3"]

1. d4 g6 2. Nf3 Bg7 3. Bf4 d6 4. e3 Bf5 5. Nbd2 Nc6 6. c3 Nf6 7. Be2 Qd7 8. h3
O-O 9. O-O Rfe8 10. Nh4 Be6 11. e4 Rad8 12. d5 Bxd5 13. exd5 Nxd5 14. Bg3 Be5
15. Ne4 Bxg3 16. Nxg3 Nf4 17. Bg4 e6 18. Ne2 Nd5 19. Bf3 Nce7 20. Qd2 Kg7 21.
Be4 f5 22. Bc2 Nc6 23. Rae1 Qe7 24. Nf3 Qf6 25. Ba4 Nde7 26. Ned4 Rb8 27. Nxe6+
1-0

[Event "4NCL Division Three Bishops"]
[Site "Warwick, ENG"]
[Date "2024.03.09"]
[Round "7.31"]
[White "Vaidyanathan, Adithya"]
[Black "Pollack, Oscar"]
[Result "0-1"]
[WhiteElo "2186"]
[BlackElo "2088"]
[PlyCount "98"]
[EventDate "2024.03.09"]
[WhiteTeam "Warwickshire Select 2"]
[BlackTeam "Barnet Knights B"]

1. Nf3 Nf6 2. d4 g6 3. c4 Bg7 4. Nc3 O-O 5. e4 d6 6. h3 e5 7. Be3 exd4 8. Nxd4
Re8 9. f3 Nh5 10. Bf2 Nc6 11. Nxc6 bxc6 12. g4 Nf4 13. Qd2 Qf6 14. Be3 Ne6 15.
f4 Nd4 16. Bg2 c5 17. e5 dxe5 18. Bxa8 exf4 19. Ne4 Nf3+ 20. Kd1 $11 Rxe4 21.
Bxe4 Nxd2 22. Bxd2 Qd4 23. Re1 Be6 24. Rc1 Bxc4 25. Rc3 Bxa2 26. Rd3 Qa4+ 27.
Kc1 Bd4 28. Ra3 Qc4+ 29. Bc2 Qd5 30. Be4 Bxb2+ 31. Kd1 Bb3+ 32. Rxb3 Qxb3+ 33.
Bc2 Qf3+ 34. Re2 Bc3 35. Be4 Qxh3 36. Bg2 Qd3 37. Be4 Qd4 38. Bc6 Bxd2 39. Rxd2
Qg1+ 40. Kc2 Qxg4 41. Bd7 Qg3 42. Bc6 f3 43. Rd8+ Kg7 44. Rd3 Qh2+ 45. Rd2 f2
46. Bb5 Qg1 47. Rd1 Qe1 48. Bf1 a5 49. Bb5 a4 0-1

[Event "4NCL Division Three Bishops"]
[Site "Warwick, ENG"]
[Date "2024.03.09"]
[Round "7.32"]
[White "Eden, Tomer"]
[Black "Pal, Rohan"]
[Result "0-1"]
[WhiteElo "2154"]
[BlackElo "2123"]
[PlyCount "74"]
[EventDate "2024.03.09"]
[WhiteTeam "Barnet Knights B"]
[BlackTeam "Warwickshire Select 2"]

1. d4 Nf6 2. c4 e6 3. g3 d5 4. Bg2 Be7 5. Nf3 O-O 6. O-O c6 7. Qc2 b6 8. b3 Bb7
9. Rd1 Nbd7 10. Nc3 Qc7 11. Bf4 Bd6 12. Bxd6 Qxd6 13. e4 dxe4 14. Nxe4 Nxe4 15.
Qxe4 Rfd8 16. Qc2 Nf6 17. Ne5 Rac8 18. Rd3 Nd7 19. Rad1 Qc7 20. Qe2 Ba8 21. f4
Nf6 22. g4 g6 23. Qf2 h5 24. f5 Nxg4 25. Nxg4 hxg4 26. f6 e5 27. Qh4 Qd6 28.
dxe5 Qc5+ 29. Qf2 Rxd3 30. Rxd3 Qxe5 31. Re3 Qg5 32. h4 gxh3 33. Rxh3 c5 34.
Rg3 Qc1+ 35. Kh2 Bxg2 36. Rxg2 Rd8 37. Qh4 Rd1 0-1

[Event "4NCL Division Three Bishops"]
[Site "Warwick, ENG"]
[Date "2024.03.09"]
[Round "7.33"]
[White "Paterson, Andrew I"]
[Black "Ethelontis, Alexandros N"]
[Result "1/2-1/2"]
[WhiteElo "2145"]
[BlackElo "2041"]
[PlyCount "208"]
[EventDate "2024.03.09"]
[WhiteTeam "Warwickshire Select 2"]
[BlackTeam "Barnet Knights B"]

1. e4 e6 2. d3 c5 3. g3 Nc6 4. Bg2 g6 5. Nf3 Bg7 6. O-O Nge7 7. Re1 e5 8. Be3
d6 9. c3 O-O 10. Na3 h6 11. d4 exd4 12. cxd4 Bg4 13. dxc5 dxc5 14. Qc1 Qd3 15.
Nd2 Rfd8 16. Rb1 b6 17. f3 Be6 18. Bf1 Qd7 19. Bc4 Nb4 20. Bxe6 Qxe6 21. Qc4
Qxc4 22. Ndxc4 Nec6 23. Nb5 Nxa2 24. Red1 Nab4 25. f4 Nc2 26. e5 Nxe3 27. Nxe3
a6 28. Nc7 Ra7 29. Rxd8+ Nxd8 30. Rd1 Nc6 31. Rd7 b5 32. Ned5 c4 33. Rd6 Nb4
34. Nxb4 Rxc7 35. Nxa6 Ra7 36. Nb4 Bf8 37. Rd8 Kg7 38. Nd5 Ra1+ 39. Kg2 Ra2 40.
Rd7 Rxb2+ 41. Kf3 Rb3+ 42. Ke4 Rb1 43. Kd4 Rd1+ 44. Kc3 Re1 45. Kd2 Re4 46. Kc3
g5 47. Rb7 gxf4 48. gxf4 b4+ 49. Nxb4 Bxb4+ 50. Kxb4 Kg6 51. Rb6+ Kg7 52. Rf6
Re2 53. Kxc4 Rxh2 54. Kd3 Rh1 55. Ke4 Rh2 56. Kf5 Rh5+ 57. Kg4 Rh1 58. Ra6 Rg1+
59. Kf5 Re1 60. Ra7 Re2 61. Re7 Re1 62. Rb7 Re2 63. Rb1 Rg2 64. Rb3 Rg1 65. Re3
Rg2 66. Ke4 Rg4 67. Ra3 Rg1 68. Rd3 Re1+ 69. Kf5 Rg1 70. Re3 Rg6 71. Ke4 Rg4
72. Kf3 Rg1 73. f5 Rf1+ 74. Ke4 Rg1 75. Rf3 Re1+ 76. Kf4 Ra1 77. Rg3+ Kh7 78.
f6 Ra4+ 79. Kf5 Ra7 80. Re3 Ra1 81. Rg3 Rf1+ 82. Ke4 Re1+ 83. Kd4 Rd1+ 84. Kc5
Re1 85. Kd6 Rd1+ 86. Ke7 Re1 87. Kxf7 Rxe5 88. Rg7+ Kh8 89. Rg8+ Kh7 90. Re8
Ra5 91. Kf8 Kg6 92. f7 Kf6 93. Rb8 Ra7 94. Rb6+ Kg5 95. Kg8 Ra8+ 96. f8=Q Rxf8+
97. Kxf8 h5 98. Kg7 h4 99. Rg6+ Kf4 100. Kh6 h3 101. Kh5 h2 102. Rg4+ Kf3 103.
Rh4 Kg2 104. Rxh2+ Kxh2 1/2-1/2

[Event "4NCL Division Three Bishops"]
[Site "Warwick, ENG"]
[Date "2024.03.09"]
[Round "7.34"]
[White "Pang, Ethan"]
[Black "Mason, Donald J"]
[Result "1/2-1/2"]
[WhiteElo "1995"]
[BlackElo "2066"]
[PlyCount "83"]
[EventDate "2024.03.09"]
[WhiteTeam "Barnet Knights B"]
[BlackTeam "Warwickshire Select 2"]

1. e4 e5 2. Nf3 Nc6 3. Bc4 Nf6 4. d4 exd4 5. e5 d5 6. Bb5 Nd7 7. O-O Be7 8.
Bxc6 bxc6 9. Nxd4 Nb8 10. f4 c5 11. Nf3 O-O 12. Be3 d4 13. Bf2 Qd5 14. Nbd2 Bb7
15. Re1 Nd7 16. Qe2 a5 17. a4 Nb6 18. Qe4 f5 19. Qxd5+ Nxd5 20. g3 Nb4 21. Rec1
Be4 22. Ne1 Nd5 23. Nc4 g5 24. fxg5 Bxg5 25. Rd1 f4 26. Nd3 fxg3 27. hxg3 Be7
28. Re1 Bxd3 29. cxd3 Nb4 30. Rad1 Rf3 31. Kg2 Rxd3 32. Rxd3 Nxd3 33. Rd1 Nxf2
34. Kxf2 Rb8 35. Rb1 Kf7 36. Kf3 Ke6 37. Ke4 Rg8 38. Rh1 Rg4+ 39. Kf3 Rg7 40.
Ke4 Rg4+ 41. Kf3 Rg7 42. Ke4 $11 1/2-1/2

[Event "4NCL Division Three Bishops"]
[Site "Warwick, ENG"]
[Date "2024.03.09"]
[Round "7.35"]
[White "Fellowes, Billy"]
[Black "Gagan B R"]
[Result "0-1"]
[WhiteElo "2102"]
[BlackElo "1961"]
[PlyCount "158"]
[EventDate "2024.03.09"]
[WhiteTeam "Warwickshire Select 2"]
[BlackTeam "Barnet Knights B"]

1. d4 Nf6 2. Bf4 g6 3. Nc3 d5 4. e3 c6 5. Be2 Qa5 6. Qd2 Bg7 7. h4 h5 8. Nf3
Bg4 9. O-O Bxf3 10. Bxf3 Nbd7 11. Rfd1 Qd8 12. b4 O-O 13. b5 Re8 14. bxc6 bxc6
15. e4 e5 16. dxe5 Nxe5 17. Bxe5 Rxe5 18. Rab1 Qe7 19. exd5 cxd5 20. Nxd5 Nxd5
21. Bxd5 Rf8 22. Qf4 Rf5 23. Qg3 Kh7 24. Re1 Be5 25. Qh3 Qf6 26. Bf3 Rf4 27.
Re4 Rxe4 28. Bxe4 Qf4 29. Bd3 Bd4 30. Rf1 Bf6 31. g3 Qa4 32. Re1 a5 33. Qg2
Qxa2 34. Qc6 Kg7 35. Re4 Qa1+ 36. Kg2 Qc3 37. Qb7 Qc8 38. Qb6 Qa8 39. Kh2 Rb8
40. Qd6 Rd8 41. Qf4 Re8 42. Rc4 Qd5 43. Ra4 Re1 44. Be4 Qc5 45. Kg2 Ra1 46.
Rxa1 Bxa1 47. Qd2 Bd4 48. c4 a4 49. Qa2 a3 50. Bb1 Qc6+ 51. f3 Qe6 52. Qd2 Qxc4
53. Ba2 Qc5 54. Qe2 Qc1 55. Bd5 Qg1+ 56. Kh3 Bf2 57. Qe5+ Kh7 58. g4 Qf1+ 59.
Kh2 Bg1+ 60. Kg3 Qf2+ 61. Kh3 hxg4+ 62. fxg4 a2 63. Bxa2 Qxa2 64. h5 Qb3+ 65.
Kg2 Be3 66. Qf6 Qd5+ 67. Kh2 gxh5 68. Qe7 Bf4+ 69. Kg1 Bg5 70. Qb4 Qd1+ 71. Kh2
Qxg4 72. Qb1+ Kg7 73. Qb2+ Bf6 74. Qb7 Be5+ 75. Kh1 Qd1+ 76. Kg2 Qe2+ 77. Kg1
Bd4+ 78. Kh1 Qf1+ 79. Kh2 Be5# 0-1

[Event "4NCL Division Three Bishops"]
[Site "Warwick, ENG"]
[Date "2024.03.09"]
[Round "7.36"]
[White "Kirupakaran, Vishnu"]
[Black "Baer, Bruce L"]
[Result "0-1"]
[WhiteElo "1866"]
[BlackElo "2084"]
[PlyCount "64"]
[EventDate "2024.03.09"]
[WhiteTeam "Barnet Knights B"]
[BlackTeam "Warwickshire Select 2"]

1. e4 g6 2. d4 Bg7 3. Nc3 a6 4. Be3 b5 5. Qd2 d6 6. f3 Bb7 7. h4 h5 8. Nh3 Nf6
9. Ng5 c6 10. e5 dxe5 11. dxe5 Qxd2+ 12. Bxd2 Nd5 13. Nxd5 cxd5 14. e6 f5 15.
Nf7 O-O 16. O-O-O d4 17. Bh6 Bxh6+ 18. Nxh6+ Kg7 19. Nf7 Bd5 20. Ng5 Nc6 21. a3
Rfc8 22. Bd3 b4 23. axb4 Nxb4 24. Kd2 Rab8 25. c3 Nxd3 26. Kxd3 Rxb2 27. Kxd4
Bc6 28. Rhg1 Bb5 29. Rc1 Rc4+ 30. Kd5 Rd2+ 31. Ke5 Bc6 32. Rcd1 $11 Re2+ 0-1

[Event "4NCL Division Three Bishops"]
[Site "Warwick, ENG"]
[Date "2024.03.09"]
[Round "7.41"]
[White "Shaw, Peter"]
[Black "Hazlehurst, Cory S"]
[Result "1-0"]
[WhiteElo "2036"]
[BlackElo "2094"]
[PlyCount "95"]
[EventDate "2024.03.09"]
[WhiteTeam "Chessable White Rose 3"]
[BlackTeam "The MASCeteers"]

1. d4 Nf6 2. c4 Nc6 3. Nf3 e6 4. a3 d6 5. Nc3 g6 6. e4 Bg7 7. Be2 O-O 8. Be3
Re8 9. O-O e5 10. d5 Nd4 11. Nxd4 exd4 12. Bxd4 Nxe4 13. Bxg7 Kxg7 14. Qd4+ Qf6
15. Qxf6+ Kxf6 16. Nb5 Re7 17. Rfe1 a6 18. Nd4 Bd7 19. f3 Nc5 20. b4 Rae8 21.
Kf2 Na4 22. Bd3 Rxe1 23. Rxe1 Rxe1 24. Kxe1 Ke5 25. Ne2 g5 26. g3 h6 27. f4+
Kf6 28. Nd4 Nb2 29. Be2 gxf4 30. gxf4 Bf5 31. Kd2 Na4 32. Bd1 Nb6 33. Kc3 Bb1
34. Bb3 Kg6 35. Bd1 Ba2 36. Be2 Bb1 37. Bd1 Bf5 38. a4 Nd7 39. a5 Nf6 40. Bf3
Bc8 41. c5 Ng4 42. Bxg4 Bxg4 43. c6 b6 44. Nb5 bxa5 45. bxa5 Bc8 46. Nxc7 Kf6
47. Na8 Bg4 48. c7 1-0

[Event "4NCL Division Three Bishops"]
[Site "Warwick, ENG"]
[Date "2024.03.09"]
[Round "7.42"]
[White "Duncan, Patrick C M"]
[Black "Burnett, Jim"]
[Result "1-0"]
[WhiteElo "2100"]
[BlackElo "2020"]
[PlyCount "97"]
[EventDate "2024.03.09"]
[WhiteTeam "The MASCeteers"]
[BlackTeam "Chessable White Rose 3"]

1. b3 d5 2. Bb2 Bf5 3. d3 e6 4. Nd2 Nf6 5. g3 Be7 6. Bg2 c6 7. e4 Bg6 8. Nh3 h6
9. O-O O-O 10. f4 dxe4 11. dxe4 Qb6+ 12. Kh1 Rd8 13. Qe2 Bh5 14. Bf3 Bxf3+ 15.
Nxf3 Nbd7 16. Nf2 a5 17. a4 Qa6 18. Qxa6 Rxa6 19. Kg2 Raa8 20. Rfe1 Nc5 21. Re2
Kf8 22. Ne5 Ncd7 23. Nc4 Bb4 24. Nd3 Be7 25. Bc3 b6 26. Kf3 Rdc8 27. Be1 Ra6
28. Rd1 Ne8 29. Nde5 Nxe5+ 30. Nxe5 f6 31. Ng6+ Kf7 32. f5 Rc7 33. Red2 Raa7
34. Bf2 Rab7 35. Nf4 exf5 36. exf5 Bb4 37. Rd8 b5 38. Ne6 Re7 39. Rc8 Rbd7 40.
Rxd7 Rxd7 41. Nd8+ Kf8 42. Nxc6 bxa4 43. bxa4 Kf7 44. Nxb4 axb4 45. Rc4 Nd6 46.
Rd4 Ke7 47. Rd5 Nb7 48. Rxd7+ Kxd7 49. Be1 1-0

[Event "4NCL Division Three Bishops"]
[Site "Warwick, ENG"]
[Date "2024.03.09"]
[Round "7.43"]
[White "Arnott, Jonathan W"]
[Black "Isik, Muhammed Oguz"]
[Result "0-1"]
[WhiteElo "2100"]
[BlackElo "1892"]
[PlyCount "108"]
[EventDate "2024.03.09"]
[WhiteTeam "Chessable White Rose 3"]
[BlackTeam "The MASCeteers"]

1. e4 e5 2. Nf3 Nc6 3. d4 exd4 4. Bc4 Bb4+ 5. c3 dxc3 6. bxc3 Ba5 7. Qb3 Qf6 8.
Bg5 Qg6 9. Nbd2 h6 10. Bh4 Nf6 11. O-O O-O 12. Rae1 d6 13. Bg3 Bb6 14. Nh4 Qh5
15. Qc2 g5 16. Nhf3 g4 17. Nh4 Ne5 18. Be2 Ng6 19. Nxg6 fxg6 20. e5 dxe5 21.
Bc4+ Kh7 22. Rxe5 Bf5 23. Bd3 Rae8 24. Rfe1 Qg5 25. Nf1 Rxe5 26. Rxe5 Nh5 27.
Bxf5 gxf5 28. Qe2 Rf7 29. Qc4 Qg7 30. Bh4 c6 31. Qe6 Nf4 32. Qc4 Ng6 33. Bg3 f4
34. Re2 fxg3 35. Nxg3 Nf4 36. Re8 Qg6 37. Ne4 Nd5 38. Qe2 Rf5 39. c4 Qxe8 40.
Ng5+ hxg5 41. Qxe8 Rxf2 42. Qh5+ Kg7 43. Qxg5+ Kf7 44. Qh5+ Kf6 45. Qh4+ Ke5
46. Qh8+ Nf6 47. g3 Bc5 48. a4 Ke4 49. Qb8 Nd7 50. Qc7 Rf7+ 51. Kg2 Ne5 52. Qa5
Rf2+ 53. Kh1 Rf1+ 54. Kg2 Rg1# 0-1

[Event "4NCL Division Three Bishops"]
[Site "Warwick, ENG"]
[Date "2024.03.09"]
[Round "7.44"]
[White "Vaidyanathan, Sathya"]
[Black "Wills, Tom"]
[Result "1/2-1/2"]
[WhiteElo "1797"]
[BlackElo "1928"]
[PlyCount "59"]
[EventDate "2024.03.09"]
[WhiteTeam "The MASCeteers"]
[BlackTeam "Chessable White Rose 3"]

1. b4 d5 2. Bb2 Nf6 3. e3 Bg4 4. Nf3 e6 5. a3 Nbd7 6. d4 Bd6 7. Be2 O-O 8. Nbd2
c6 9. c4 a5 10. c5 Bc7 11. O-O Qb8 12. h3 Bh5 13. Re1 Re8 14. Qb3 Bg6 15. b5
Ne4 16. b6 Bd8 17. Nxe4 Bxe4 18. Nd2 Bg6 19. f4 f6 20. Nf3 Bf7 21. Qc2 Bg6 22.
Bd3 Bxd3 23. Qxd3 f5 24. Bc3 a4 25. Rab1 Nf6 26. Nd2 Nh5 27. Qe2 Ng3 28. Qf3
Bh4 29. Rec1 Qd8 30. Nf1 $11 1/2-1/2